[Event "Large October 06 Tournament"]
[Site "SchemingMind.com"]
[Date "2006.10.27"]
[Round "-"]
[White "_keyes"]
[Black "nupshawjr"]
[Result "1-0"]
[WhiteCountry "ENG"]
[BlackCountry "USA"]
[WhiteElo "1892"]
[WhiteRD "79"]
[BlackElo "1321"]
[BlackRD "124"]
[GameID "73374"]

1. d4 Nf6 2. c4 c5 3. d5 b5 4. cxb5 a6 5. bxa6 Bxa6 6. Nc3 g6 7. g3 Bg7 8. Bg2 d6 9. Nf3 Nbd7 10. O-O O-O
11. Qc2 Bb7 12. e4 Re8 13. Rb1 Ne5 14. Nxe5 dxe5 15. Be3 e6 16. dxe6 fxe6 17. Bxc5 Qc7 18. b4 Nd7 19. Nb5 Qc6 20. Nd6 Rf8
21. Nxb7 Qxb7 22. Bxf8 Rxf8 23. Qc4 Qb6 24. a4 Nf6 25. a5 Qa7 26. Qxe6+ Kh8 27. Qb6 Qxb6 28. axb6 Rb8 29. Rfd1 h6 30. Rd6 Kh7
31. Rc1 Ng4 32. h3 Nf6 33. Rc7 Ne8 34. Rdd7 Nxc7 35. bxc7 Rxb4 36. c8=Q Rb1+ 37. Kh2
1-0

[Event "Large October 06 Tournament"]
[Site "SchemingMind.com"]
[Date "2006.10.27"]
[Round "-"]
[White "cnbcad"]
[Black "nupshawjr"]
[Result "1-0"]
[WhiteCountry "USA"]
[BlackCountry "USA"]
[WhiteElo "1484"]
[WhiteRD "60"]
[BlackElo "1321"]
[BlackRD "124"]
[GameID "73375"]

1. e4 d5 2. exd5 Nf6 3. c4 c6 4. Qa4 Bd7 5. dxc6 Bxc6 6. Qb3 e6 7. Nf3 Be7 8. Ne5 O-O 9. Be2 Bxg2 10. Rg1 Bc6
11. Qg3 Bd6 12. Qxg7#
1-0

[Event "Large October 06 Tournament"]
[Site "SchemingMind.com"]
[Date "2006.10.24"]
[Round "-"]
[White "capablanca"]
[Black "nupshawjr"]
[Result "1-0"]
[WhiteCountry "GER"]
[BlackCountry "USA"]
[WhiteElo "1633"]
[WhiteRD "55"]
[BlackElo "1349"]
[BlackRD "234"]
[GameID "73376"]

1. c4 Nf6 2. Nc3 g6 3. g3 Bg7 4. Bg2 O-O 5. Nf3 d6 6. O-O e5 7. d3 Bg4 8. Qb3 b6 9. Nxe5 dxe5 10. Bxa8 Nbd7
11. Bg2 Nc5 12. Qc2 Bf5 13. Be3 e4 14. dxe4 Nfxe4 15. Nxe4 Re8 16. Bxc5 bxc5 17. Rad1 Qe7 18. f3 a5 19. Qa4 Bd4+ 20. Kh1 Bxb2
21. Qxa5 Qe6 22. Qxc5 Bxe4 23. fxe4 Be5 24. Qd5
1-0

[Event "Large October 06 Tournament"]
[Site "SchemingMind.com"]
[Date "2006.10.27"]
[Round "-"]
[White "tacticrules"]
[Black "nupshawjr"]
[Result "1-0"]
[WhiteCountry "GER"]
[BlackCountry "USA"]
[WhiteElo "1601"]
[WhiteRD "58"]
[BlackElo "1321"]
[BlackRD "124"]
[GameID "73378"]

1. d4 Nf6 2. c4 c5 3. e3 cxd4 4. exd4 g6 5. Nf3 Bg7 6. Nc3 d6 7. Bg5 O-O 8. Bd3 Bg4 9. h3 Bd7 10. Qb3 Qc8
11. Rc1 Nc6 12. d5 Na5 13. Qc2 b6 14. b4 Nxc4 15. O-O b5 16. Qe2 Bxh3 17. gxh3 Qxh3 18. Nh2 h5 19. Bxf6 Bxf6 20. Ne4 Be5
21. Ng3 Bxg3 22. fxg3 Qxg3+ 23. Kh1 Ne3 24. Rf3 Qg5 25. Rxe3 Rac8 26. Rg1 Qxd5+ 27. Be4 Qc4 28. Qxc4 Rxc4 29. Bd5 Rxb4 30. Rxe7 a5
31. Rf1 Rb2 32. Rfxf7 Rxf7 33. Rxf7 Rd2 34. Bb3 a4 35. Rf2+ axb3 36. Rxd2 bxa2 37. Rxa2 Kf7 38. Rb2 Ke6 39. Rxb5 d5 40. Nf3 d4
41. Nxd4+
1-0

[Event "Large October 06 Tournament"]
[Site "SchemingMind.com"]
[Date "2006.10.27"]
[Round "-"]
[White "mebalse"]
[Black "nupshawjr"]
[Result "1-0"]
[WhiteCountry "URU"]
[BlackCountry "USA"]
[WhiteElo "1897"]
[WhiteRD "106"]
[BlackElo "1321"]
[BlackRD "124"]
[GameID "73379"]

1. f4 e5 2. fxe5 Be7 3. e4 Bc5 4. Nf3 d5 5. exd5 Bg4 6. c4 Bxf3 7. Qxf3 Ne7 8. Qe4 O-O 9. d4 Bb4+ 10. Bd2 Bxd2+
11. Nxd2 c6 12. Bd3 Ng6 13. O-O cxd5 14. cxd5 Re8 15. Rf2 Qb6 16. Nc4 Qc7 17. Raf1 Nd7 18. Rxf7 Ngxe5 19. Qxh7#
1-0

[Event "Large October 06 Tournament"]
[Site "SchemingMind.com"]
[Date "2006.10.24"]
[Round "-"]
[White "echecs"]
[Black "_keyes"]
[Result "1-0"]
[WhiteCountry "ENG"]
[BlackCountry "ENG"]
[WhiteElo "1767"]
[WhiteRD "58"]
[BlackElo "1892"]
[BlackRD "79"]
[GameID "73386"]

1. b4 e5 2. Bb2 d6 3. e4 Nf6 4. Nc3 c6 5. Nf3 Bg4 6. Be2 Be7 7. a3 Nbd7 8. O-O O-O 9. d4 Qc7 10. h3 Bh5
11. dxe5 dxe5 12. Re1 Bg6 13. Bd3 Rad8 14. Rb1 Nb6 15. Qe2 Nh5 16. Bc1 h6 17. a4 Nc8 18. b5 Bc5 19. Bd2 Ne7 20. Nh4 Nf6
21. Qf3 Bh7 22. Bxh6 gxh6 23. Qxf6 Rd6 24. Qxe5 Bd4 25. Qg3+ Kh8 26. Ne2 Rg8 27. Qf4 Bf6 28. e5 Rxd3 29. Qxf6+ Rg7 30. cxd3 Nd5
31. Qxh6 Qxe5 32. Ng3 Qb8 33. Ngf5 Rg8 34. bxc6 b6 35. Rbc1 Qc7 36. Re8 f6 37. Ng6#
1-0

[Event "Large October 06 Tournament"]
[Site "SchemingMind.com"]
[Date "2006.10.25"]
[Round "-"]
[White "echecs"]
[Black "cnbcad"]
[Result "0-1"]
[WhiteCountry "ENG"]
[BlackCountry "USA"]
[WhiteElo "1767"]
[WhiteRD "58"]
[BlackElo "1484"]
[BlackRD "60"]
[GameID "73387"]

1. e4 e5 2. f4 exf4 3. Bc4 Qg5 4. Qe2 Bc5 5. Nf3 Qe7 6. d4 Bb6 7. Bxf4 Qb4+ 8. Nbd2 Nc6 9. O-O Bxd4+ 10. Nxd4 Nxd4
11. Qh5 Ne6 12. Bxc7 Qc5+ 13. Kh1 Qxh5 14. Bd6 Qg5 15. Nf3 Qd8 16. Nd4 Ne7 17. Nf5 Nxf5 18. Rxf5 Qb6 19. Raf1 Qxd6 20. Rxf7 h5
0-1

[Event "Large October 06 Tournament"]
[Site "SchemingMind.com"]
[Date "2006.10.24"]
[Round "-"]
[White "echecs"]
[Black "capablanca"]
[Result "1-0"]
[WhiteCountry "ENG"]
[BlackCountry "GER"]
[WhiteElo "1718"]
[WhiteRD "61"]
[BlackElo "1633"]
[BlackRD "55"]
[GameID "73388"]

1. e4 c5 2. Nc3 d6 3. Nf3 Nc6 4. d4 cxd4 5. Nxd4 Nf6 6. Bb5 Bd7 7. Be3 g6 8. Qf3 Bg7 9. Nxc6 Bxc6 10. Bxc6+ bxc6
11. e5 dxe5 12. Qxc6+ Nd7 13. Rd1 Rc8 14. Qa4 Rc7 15. Bxa7 O-O 16. O-O Qc8 17. Nd5
1-0

[Event "Large October 06 Tournament"]
[Site "SchemingMind.com"]
[Date "2006.10.24"]
[Round "-"]
[White "echecs"]
[Black "tacticrules"]
[Result "1-0"]
[WhiteCountry "ENG"]
[BlackCountry "GER"]
[WhiteElo "1795"]
[WhiteRD "57"]
[BlackElo "1583"]
[BlackRD "51"]
[GameID "73390"]

1. c4 Nf6 2. Nf3 e6 3. e3 b6 4. Be2 Bb7 5. d4 c5 6. Nc3 Be7 7. O-O O-O 8. b3 d5 9. cxd5 Nxd5 10. Nxd5 exd5
11. Bb2 Nd7 12. Rc1 Rc8 13. g3 Nf6 14. Ne5 Bd6 15. dxc5 Bxe5 16. Bxe5 Qe7 17. Bxf6 Qxf6 18. cxb6 axb6 19. Rxc8 Rxc8 20. Bf3 Qd6
21. Qd4 Rc2 22. a4 Ba6 23. Rd1 Rc5 24. Bxd5 Kf8 25. Bc4 Qxd4 26. Rxd4 Bxc4 27. Rxc4 Rxc4 28. bxc4 Ke7 29. Kf1 Kd6 30. Ke2 Kc5
31. Kd3 Kb4 32. Kd4 Kxa4 33. Kd5 Kb4= 34. f4 b5 35. c5 Ka5 36. Kd6 b4 37. c6 b3 38. c7 b2 39. c8=Q b1=Q 40. Qa8+ Kb5
41. Qb7+ Kc4 42. Qxb1
1-0

[Event "Large October 06 Tournament"]
[Site "SchemingMind.com"]
[Date "2006.10.24"]
[Round "-"]
[White "echecs"]
[Black "mebalse"]
[Result "0-1"]
[WhiteCountry "ENG"]
[BlackCountry "URU"]
[WhiteElo "1767"]
[WhiteRD "58"]
[BlackElo "1897"]
[BlackRD "106"]
[GameID "73391"]

1. b4 d5 2. Bb2 Bf5 3. e3 e6 4. Nf3 Nf6 5. a3 a5 6. b5 a4 7. Be2 Bd6 8. c4 dxc4 9. Bxc4 Bxb1 10. Rxb1 O-O
11. Qc2 Nbd7 12. Ng5 h6 13. Ne4 b6 14. Bd3 Nxe4 15. Bxe4 Ra7 16. O-O Nc5 17. Bc6 Nb3 18. Rbd1 Qe7 19. Qc3 f6 20. f4 Na5
21. Be4 f5 22. Bc2 Kh7 23. Bxa4 Nb7 24. Bc2 Bxa3 25. Ba1 Bb4 26. Qc4 Rfa8 27. Bb3 Bxd2 28. Qd4 Nc5 29. Bxe6 Bxe3+ 30. Qxe3 Qxe6
31. Qc3 Qf7 32. Qe5 Ra5 33. Rb1 Re8 34. Qc3 Ne4 35. Qd4 Nd6 36. Qd3 Re6 37. Bc3 Ra3 38. Qc2 Re4 39. Bb4 Ra2 40. Rb2 Rxb2
41. Qxb2 Nxb5 42. Bc5 Qe8 43. Bb4 c5
0-1

[Event "Large October 06 Tournament"]
[Site "SchemingMind.com"]
[Date "2006.10.27"]
[Round "-"]
[White "echecs"]
[Black "nupshawjr"]
[Result "1-0"]
[WhiteCountry "ENG"]
[BlackCountry "USA"]
[WhiteElo "1767"]
[WhiteRD "58"]
[BlackElo "1321"]
[BlackRD "124"]
[GameID "73393"]

1. e4 d5 2. exd5 Nf6 3. c4 c6 4. dxc6 Nxc6 5. Nf3 Bf5 6. Nc3 Qd7 7. Be2 O-O-O 8. O-O e5 9. Qa4 Bd6 10. Nb5 Bb8
11. Rd1 e4 12. Nh4 Bg4 13. f3 exf3 14. Nxf3 h5 15. Nc3 Bxf3 16. Bxf3 Qd4+ 17. Kh1 Ng4 18. Ne2 Nf2+ 19. Kg1 Bxh2+ 20. Kxh2 Qh4+
21. Kg1 Ng4 22. Bxg4+ hxg4 23. Qb3 Qh2+ 24. Kf2 Qh4+ 25. Qg3 Qf6+ 26. Qf4 Qxf4+ 27. Nxf4 g5 28. Ne2 f5 29. d4 f4 30. b3 f3
31. gxf3 Rh2+ 32. Kg3 Rdh8 33. Kxg4 Rxe2 34. Bxg5 Rg2+ 35. Kf5 Rh5 36. f4 Ne7+ 37. Ke4 Ng6 38. d5 Rg4 39. Kf5 Rxf4+ 40. Kxg6 Rxg5+
41. Kxg5
1-0

[Event "Large October 06 Tournament"]
[Site "SchemingMind.com"]
[Date "2006.10.25"]
[Round "-"]
[White "_keyes"]
[Black "echecs"]
[Result "1-0"]
[WhiteCountry "ENG"]
[BlackCountry "ENG"]
[WhiteElo "1914"]
[WhiteRD "82"]
[BlackElo "1767"]
[BlackRD "60"]
[GameID "73394"]

1. d4 Nf6 2. c4 e6 3. Nc3 c5 4. d5 exd5 5. cxd5 d6 6. e4 Be7 7. Bb5+ Bd7 8. Bd3 a6 9. a4 Ng4 10. h3 Ne5
11. Be2 Ng6 12. Nf3 Nh4 13. Nxh4 Bxh4 14. O-O O-O 15. Bf4 Bc8 16. Qd2 Qf6 17. g3 Bxh3 18. Rfe1 Qg6 19. Kh2 Bxg3+ 20. Bxg3 Bg4
21. Bxg4 Qxg4 22. Bxd6 Nd7 23. Bxf8 Nxf8 24. Re3 Ng6 25. Rg3 Qh5+ 26. Kg1 h6 27. Re1 Ne5 28. Qe2 Qh4 29. Kg2 Rd8 30. Rh1 Qf6
31. Rh5 Ng6 32. Rxg6 Qxg6+ 33. Kf1 Re8 34. Rh2 f5 35. f3 Qg5 36. Rg2 Qf4 37. Rf2 Qc1+ 38. Qe1 Qf4 39. Qd2 Qg3 40. d6 Qh3+
41. Ke2 fxe4 42. Qd5+ Kh8 43. Nxe4 c4 44. Qxb7 Qe6 45. Qxa6 Rd8 46. Qb6 Rd7 47. a5 c3 48. bxc3
1-0

[Event "Large October 06 Tournament"]
[Site "SchemingMind.com"]
[Date "2006.10.25"]
[Round "-"]
[White "cnbcad"]
[Black "echecs"]
[Result "1-0"]
[WhiteCountry "USA"]
[BlackCountry "ENG"]
[WhiteElo "1484"]
[WhiteRD "60"]
[BlackElo "1767"]
[BlackRD "58"]
[GameID "73395"]

1. e4 d5 2. exd5 Qxd5 3. Qf3 Nf6 4. Nc3 Qa5 5. d4 e6 6. Bd3 Nc6 7. Ne2 Bb4 8. Bd2 Nd5 9. O-O Nxc3 10. Bxc3 Bxc3
11. Nxc3 Nxd4 12. Qd1 O-O 13. Bxh7+ Kxh7 14. Qxd4 Qg5 15. Rae1 b6 16. Qe4+
1-0

[Event "Large October 06 Tournament"]
[Site "SchemingMind.com"]
[Date "2006.10.25"]
[Round "-"]
[White "capablanca"]
[Black "echecs"]
[Result "0-1"]
[WhiteCountry "GER"]
[BlackCountry "ENG"]
[WhiteElo "1673"]
[WhiteRD "51"]
[BlackElo "1767"]
[BlackRD "58"]
[GameID "73396"]

1. c4 b6 2. g3 Bb7 3. Nf3 e5 4. Bg2 Nf6 5. O-O d6 6. Nc3 Be7 7. d4 exd4 8. Nxd4 Bxg2 9. Kxg2 O-O 10. Qc2 Qd7
11. Ne4 Nc6 12. Nxf6+ Bxf6 13. Nxc6 Qxc6+ 14. Kg1 Rfe8 15. Be3 Re4 16. Rac1 Rae8 17. b3 a5 18. Rfe1 Qd7 19. Rcd1 Qh3 20. Rd5 g6
21. a3 Bh4 22. Rd4 Bxg3 23. hxg3 Rxe3 24. fxe3 Qxg3+ 25. Kf1 Qh3+ 26. Kg1 Qxe3+ 27. Kg2 Qxd4 28. e4 Re5 29. Kf3 Rh5 30. Qg2 Qd3+
31. Re3 Qd1+ 32. Kf2 Qd2+ 33. Re2 Qf4+ 34. Ke1 Rh1+
0-1

[Event "Large October 06 Tournament"]
[Site "SchemingMind.com"]
[Date "2006.10.25"]
[Round "-"]
[White "tacticrules"]
[Black "echecs"]
[Result "0-1"]
[WhiteCountry "GER"]
[BlackCountry "ENG"]
[WhiteElo "1583"]
[WhiteRD "51"]
[BlackElo "1795"]
[BlackRD "57"]
[GameID "73398"]

1. d4 e6 2. c4 c6 3. e4 Nf6 4. Bd3 Bb4+ 5. Bd2 Qb6 6. Nf3 Bxd2+ 7. Qxd2 d6 8. O-O Nbd7 9. Nc3 O-O 10. Na4 Qc7
11. Nc3 b6 12. a4 a5 13. Rab1 Ba6 14. Qe2 Nh5 15. Qd2 e5 16. d5 Nf4 17. b3 cxd5 18. exd5 Nc5 19. Bc2 Qe7 20. Rfe1 Rfe8
21. g3 Nh5 22. Nd4 g6 23. Nc6 Qf6 24. g4 Nf4 25. Ne4 Qh4 26. f3 Nxe4 27. Bxe4 Qg5 28. Qf2 Nh3+ 29. Kg2 Nxf2 30. Kxf2 Bb7
31. Rbd1 Qf4 32. h4 Qh2+ 33. Ke3 Qxh4 34. Rh1 Qg5+ 35. Kf2 Qf4 36. Rh3 Kg7 37. Ke2 Bc8 38. Rdh1 Rh8 39. Ne7 Bxg4 40. Rh4 h5
41. Kd3 Qf6 42. fxg4 Qxe7 43. gxh5 Rxh5 44. Rxh5 gxh5 45. Rxh5 Rh8 46. Rf5 Rh3+
0-1

[Event "Large October 06 Tournament"]
[Site "SchemingMind.com"]
[Date "2006.10.25"]
[Round "-"]
[White "mebalse"]
[Black "echecs"]
[Result "0-1"]
[WhiteCountry "URU"]
[BlackCountry "ENG"]
[WhiteElo "1897"]
[WhiteRD "106"]
[BlackElo "1767"]
[BlackRD "58"]
[GameID "73399"]

1. c4 c5 2. Nf3 Nf6 3. e3 Nc6 4. d4 cxd4 5. exd4 b6 6. d5 Na5 7. b4 Nb7 8. Nc3 Qc7 9. Nb5 Qd8 10. Bf4 d6
11. Nfd4 a6 12. Nc6 Qd7 13. Qa4 g6 14. Bd3 Bg7 15. Rd1 O-O 16. Bg3 Nd8 17. Nxd8 Rxd8 18. Nc3 Nh5 19. Qb3 Bb7 20. O-O Rab8
21. a4 Bxc3 22. Qxc3 Qxa4 23. Bc2 Qd7 24. Rd4 Rbc8 25. Bh4 Re8 26. Qb2 e5 27. Re4 f5
0-1

[Event "Large October 06 Tournament"]
[Site "SchemingMind.com"]
[Date "2006.10.29"]
[Round "-"]
[White "nupshawjr"]
[Black "echecs"]
[Result "0-1"]
[WhiteCountry "USA"]
[BlackCountry "ENG"]
[WhiteElo "1321"]
[WhiteRD "124"]
[BlackElo "1767"]
[BlackRD "58"]
[GameID "73401"]

1. e4 e6 2. d4 Nf6 3. Bd3 c5 4. c3 Nc6 5. Nf3 b6 6. Be3 Ng4 7. Bf4 Bb7 8. Nbd2 Be7 9. O-O O-O 10. Qc2 g6
11. h3 Nf6 12. Bg5 cxd4 13. Nxd4 Nh5 14. Bxe7 Qxe7 15. Nxc6 Bxc6 16. f4 Qc5+ 17. Kh1 Ng3+ 18. Kh2 Nxf1+ 19. Kh1 Nxd2 20. Qxd2 Rad8
21. f5 exf5 22. exf5 Rde8 23. fxg6 fxg6 24. Qh6 Bxg2+ 25. Kxg2 Rf2+ 26. Kh1 Qd5+ 27. Kg1 Qg2#
0-1

[Event "Large October 06 Tournament"]
[Site "SchemingMind.com"]
[Date "2006.10.24"]
[Round "-"]
[White "kibo"]
[Black "_keyes"]
[Result "0-1"]
[WhiteCountry "POL"]
[BlackCountry "ENG"]
[WhiteElo "1439"]
[WhiteRD "93"]
[BlackElo "1914"]
[BlackRD "82"]
[GameID "73439"]

1. e4 c5 2. Nf3 d6 3. d4 cxd4 4. Nxd4 Nf6 5. Nc3 a6 6. a4 e6 7. Bg5 Be7 8. Be2 O-O 9. O-O h6 10. Bh4 Bd7
11. Kh1 Nc6 12. f4 Nxe4 13. Nxe4 Bxh4 14. Nxd6 Nxd4 15. Qxd4 Bf6 16. Qb4 Rb8 17. Ne4 Be7 18. Qe1 Qb6 19. b3 f5 20. Ng3 Rbc8
21. Bc4 Kh7 22. Qe2 Bf6 23. Rad1 Rcd8 24. Rfe1 Rfe8 25. Nh5 Bc3
0-1

[Event "Large October 06 Tournament"]
[Site "SchemingMind.com"]
[Date "2006.10.25"]
[Round "-"]
[White "kibo"]
[Black "cnbcad"]
[Result "0-1"]
[WhiteCountry "POL"]
[BlackCountry "USA"]
[WhiteElo "1439"]
[WhiteRD "93"]
[BlackElo "1519"]
[BlackRD "56"]
[GameID "73440"]

1. e4 e5 2. Bc4 Nf6 3. d4 Nxe4 4. Bxf7+ Kxf7 5. Qf3+ Nf6 6. dxe5 Qe8 7. Bf4 Kg8 8. Ne2 Nh5 9. Nbc3 Bb4 10. Qd5+ Qe6
11. Qb5 Bxc3+ 12. bxc3 Nxf4 13. Nxf4 Qf5 14. Qc4+ Kf8 15. O-O Nc6 16. Rfe1 Ne7
0-1

[Event "Large October 06 Tournament"]
[Site "SchemingMind.com"]
[Date "2006.10.24"]
[Round "-"]
[White "kibo"]
[Black "capablanca"]
[Result "0-1"]
[WhiteCountry "POL"]
[BlackCountry "GER"]
[WhiteElo "1439"]
[WhiteRD "93"]
[BlackElo "1718"]
[BlackRD "56"]
[GameID "73441"]

1. e4 c5 2. Nf3 Nc6 3. c3 g6 4. d4 cxd4 5. cxd4 Bg7 6. Nc3 d6 7. Bb5 a6 8. Ba4 Bd7 9. O-O b5 10. Bb3 Nf6
11. Re1 O-O 12. a3 Rc8 13. Bf4 Na5 14. Bc2 Nc4 15. b3 Nb6 16. Ne2 Bg4 17. Ng3 Bxf3 18. gxf3 Rc6 19. Rc1 Qa8 20. d5 Rc7
21. Be3 Nbd7 22. f4 Rfc8 23. f5 Ne5 24. h3 Nf3+ 25. Qxf3 Rxc2 26. fxg6 fxg6 27. h4 R8c3 28. Rxc2 Rxc2 29. h5 Qc8 30. h6 Bh8
31. Bd4 Qg4 32. Qd3 Ra2 33. b4 Qg5
0-1

[Event "Large October 06 Tournament"]
[Site "SchemingMind.com"]
[Date "2006.10.26"]
[Round "-"]
[White "kibo"]
[Black "echecs"]
[Result "0-1"]
[WhiteCountry "POL"]
[BlackCountry "ENG"]
[WhiteElo "1439"]
[WhiteRD "93"]
[BlackElo "1767"]
[BlackRD "60"]
[GameID "73443"]

1. e4 Nf6 2. e5 Nd5 3. c4 Nb6 4. d4 e6 5. f4 d6 6. Nf3 Nc6 7. Nc3 dxe5 8. fxe5 Be7 9. Be3 Bb4 10. Qb3 O-O
11. Rd1 a5 12. a3 Be7 13. Bd3 g6 14. d5 a4 15. Qa2 Na5 16. Bxb6 cxb6 17. d6 Bg5 18. O-O Nc6 19. Ne4 Bf4 20. Nf6+ Kh8
21. Rfe1 Nxe5 22. Nxe5 Qxf6 23. Ng4 Qh4 24. Be2 e5 25. d7 Bxd7
0-1

[Event "Large October 06 Tournament"]
[Site "SchemingMind.com"]
[Date "2006.10.24"]
[Round "-"]
[White "kibo"]
[Black "tacticrules"]
[Result "1/2-1/2"]
[WhiteCountry "POL"]
[BlackCountry "GER"]
[WhiteElo "1581"]
[WhiteRD "110"]
[BlackElo "1601"]
[BlackRD "58"]
[GameID "73444"]

1. c4 Nf6 2. Nc3 e6 3. d4 Bb4 4. Qc2 O-O 5. Nf3 b6 6. Bg5 Bb7 7. e4 Bxe4 8. Bd3 d5 9. a3 Bxc3+ 10. bxc3 h6
11. Bxe4 dxe4 12. Bxf6 Qxf6 13. Qxe4 c6 14. O-O Rc8 15. Rfe1 Nd7 16. Ne5 Nxe5 17. dxe5 Qf5 18. Qxf5 exf5 19. Rad1 Rd8 20. Rd6 f6
21. Rxc6 fxe5 22. g3 e4 23. h3 Rd3 24. Re3 Rxe3 25. fxe3 Rd8 26. Rc7 Rd3 27. Kf2 Rxc3 28. Rxa7 Rxc4 29. Ra6 Rc3 30. Rxb6 Rxa3
31. g4 fxg4 32. hxg4 Ra2+=
1/2-1/2

[Event "Large October 06 Tournament"]
[Site "SchemingMind.com"]
[Date "2006.10.27"]
[Round "-"]
[White "kibo"]
[Black "nupshawjr"]
[Result "0-1"]
[WhiteCountry "POL"]
[BlackCountry "USA"]
[WhiteElo "1409"]
[WhiteRD "96"]
[BlackElo "1357"]
[BlackRD "98"]
[GameID "73447"]

1. e4 d5 2. exd5 Nf6 3. d4 c6 4. c4 cxd5 5. Nc3 g6 6. g3 Bg7 7. Bg2 e6 8. Nf3 O-O 9. O-O Nc6 10. b3 Re8
11. Re1 Bd7 12. Bf4 Qc8 13. Nb5 e5 14. Nxe5 Nxe5 15. dxe5 Nh5 16. Nd6 Qc5 17. Be3 Qc7 18. Nxe8 Rxe8 19. cxd5 Bxe5 20. Rc1 Qb8
21. Bd4 Bxd4 22. Qxd4 Rxe1+ 23. Rxe1 Qc8 24. Qxa7 Bh3 25. Bxh3 Qxh3 26. Qxb7 Nf6 27. d6 Ng4
0-1

[Event "Large October 06 Tournament"]
[Site "SchemingMind.com"]
[Date "2006.10.24"]
[Round "-"]
[White "_keyes"]
[Black "kibo"]
[Result "1-0"]
[WhiteCountry "ENG"]
[BlackCountry "POL"]
[WhiteElo "1892"]
[WhiteRD "79"]
[BlackElo "1581"]
[BlackRD "110"]
[GameID "73448"]

1. d4 e6 2. c4 g6 3. e4 Bg7 4. Nc3 Ne7 5. Bg5 f6 6. Be3 O-O 7. Qd2 Nbc6 8. O-O-O d5 9. f3 a5 10. b3 b6
11. cxd5 exd5 12. exd5 Nxd5 13. Nxd5 Be6 14. Nf4 Bf7 15. Bb5 Na7 16. Bc4 Bxc4 17. bxc4 b5 18. c5 Kh8 19. Ne6 Qd7 20. Nxf8 Bxf8
21. Ne2
1-0

[Event "Large October 06 Tournament"]
[Site "SchemingMind.com"]
[Date "2006.10.25"]
[Round "-"]
[White "cnbcad"]
[Black "kibo"]
[Result "1-0"]
[WhiteCountry "USA"]
[BlackCountry "POL"]
[WhiteElo "1519"]
[WhiteRD "56"]
[BlackElo "1439"]
[BlackRD "93"]
[GameID "73449"]

1. e4 c5 2. Nf3 Nc6 3. Bb5 Qb6 4. a4 Nf6 5. Nc3 e6 6. d3 Be7 7. e5 Ng4 8. a5 Qc7 9. Bf4 d6 10. exd6 Bxd6
11. Bxd6 Qxd6 12. Ne4 Qe7 13. Bxc6+ bxc6 14. Nfd2 f5 15. Nc3 O-O 16. Nf3
1-0

[Event "Large October 06 Tournament"]
[Site "SchemingMind.com"]
[Date "2006.10.24"]
[Round "-"]
[White "capablanca"]
[Black "kibo"]
[Result "1/2-1/2"]
[WhiteCountry "GER"]
[BlackCountry "POL"]
[WhiteElo "1673"]
[WhiteRD "51"]
[BlackElo "1581"]
[BlackRD "110"]
[GameID "73450"]

1. c4 e5 2. Nc3 f5 3. g3 Nf6 4. Bg2 Bc5 5. a3 a5 6. d3 O-O 7. Nf3 Nc6 8. O-O d6 9. Nd2 Be6 10. Nb3 Bb6
11. Nd2 Qd7 12. e4 fxe4 13. Ndxe4 Bh3 14. Re1 Bxg2 15. Kxg2 Nd4 16. Nxf6+ Rxf6 17. Nd5 Rf7 18. Nxb6 cxb6 19. Re4 Raf8 20. Be3 Nf5
21. Bxb6 Nd4 22. Bxd4 exd4 23. Re2 Qc6+ 24. Kg1 Qf3 25. Qd2 d5 26. cxd5 Qxd5 27. Rf1 Rf3 28. Qd1 Qf5 29. Rd2 b5 30. Kg2=
1/2-1/2

[Event "Large October 06 Tournament"]
[Site "SchemingMind.com"]
[Date "2006.10.26"]
[Round "-"]
[White "echecs"]
[Black "kibo"]
[Result "1-0"]
[WhiteCountry "ENG"]
[BlackCountry "POL"]
[WhiteElo "1767"]
[WhiteRD "58"]
[BlackElo "1581"]
[BlackRD "110"]
[GameID "73452"]

1. b4 e5 2. Bb2 f6 3. a3 d5 4. e3 Be6 5. d4 e4 6. Nd2 Bd6 7. c4 c6 8. c5 Bc7 9. Be2 Ne7 10. h4 a5
11. Bg4 Qd7 12. Bxe6 Qxe6 13. Bc3 Na6 14. Qb3 axb4 15. axb4 Qg4 16. Ne2 O-O 17. g3 Nf5 18. Nf1 b5 19. cxb6 Bxb6 20. Nh2 Qh3
21. Nf4 Nxd4 22. Bxd4
1-0

[Event "Large October 06 Tournament"]
[Site "SchemingMind.com"]
[Date "2006.10.24"]
[Round "-"]
[White "tacticrules"]
[Black "kibo"]
[Result "0-1"]
[WhiteCountry "GER"]
[BlackCountry "POL"]
[WhiteElo "1601"]
[WhiteRD "58"]
[BlackElo "1581"]
[BlackRD "110"]
[GameID "73453"]

1. d4 d6 2. c4 Nf6 3. Nf3 g6 4. g3 Bg7 5. Bg2 O-O 6. O-O Nbd7 7. Nc3 c6 8. Bg5 h6 9. Bxf6 Nxf6 10. e4 Bd7
11. Re1 Qc8 12. Qe2 Bg4 13. Rad1 Rd8 14. h3 Bxh3 15. Bxh3 Qxh3 16. Qf1 Qxf1+ 17. Kxf1 Nd7 18. Nh2 e5 19. Ne2 exd4 20. Nxd4 a5
21. a4 Nc5 22. Re2 Nxa4 23. Nb3 Nxb2 24. Rc1 a4 25. Na1 Nxc4 26. Rxc4 Bxa1 27. f4 d5 28. exd5 Rxd5 29. Re7 c5 30. Rxb7 a3
31. Rb1 Bb2 32. Nf3 a2
0-1

[Event "Large October 06 Tournament"]
[Site "SchemingMind.com"]
[Date "2006.10.25"]
[Round "-"]
[White "mebalse"]
[Black "kibo"]
[Result "1-0"]
[WhiteCountry "URU"]
[BlackCountry "POL"]
[WhiteElo "1888"]
[WhiteRD "81"]
[BlackElo "1439"]
[BlackRD "93"]
[GameID "73454"]

1. d4 d6 2. e4 Nf6 3. Bd3 g6 4. h3 Bg7 5. f4 Nbd7 6. c4 O-O 7. g4 e5 8. fxe5 dxe5 9. d5 Nc5 10. Nc3 Nxd3+
11. Qxd3 a6 12. Nf3 Qe7 13. Bg5 h6 14. Bh4 g5 15. Bg3 Nd7 16. O-O-O Nc5 17. Qe3 Rd8 18. Bf2 b6 19. Ne2 a5 20. Ng3 a4
21. Nf5 Bxf5 22. gxf5 Bf8 23. h4 g4 24. Nd2 h5 25. Kc2 Ra5 26. Qg5+ Qxg5 27. hxg5
1-0

[Event "Large October 06 Tournament"]
[Site "SchemingMind.com"]
[Date "2006.10.28"]
[Round "-"]
[White "nupshawjr"]
[Black "kibo"]
[Result "0-1"]
[WhiteCountry "USA"]
[BlackCountry "POL"]
[WhiteElo "1321"]
[WhiteRD "124"]
[BlackElo "1581"]
[BlackRD "110"]
[GameID "73456"]

1. e4 e6 2. d4 b6 3. Bd3 Bb7 4. Nc3 d5 5. Nf3 c5 6. O-O c4 7. Be2 dxe4 8. Ng5 Nf6 9. Bxc4 Nc6 10. Ngxe4 Nxe4
11. Nxe4 Qxd4 12. Qxd4 Nxd4 13. Bf4 Bxe4 14. Be5 Nxc2 15. Rac1 f6 16. Bb5+ Kf7 17. Bg3 Nd4 18. Rc7+ Be7 19. Bd6 Nf5 20. g4 Nxd6
0-1